John Dee: the world of an Elizabethan magus (Record no. 223735)

MARC details
000 -LEADER
fixed length control field 00461nam a2200169Ia 4500
008 - FIXED-LENGTH DATA ELEMENTS--GENERAL INFORMATION
fixed length control field 191130s2002##################000#0#eng##
020 ## - INTERNATIONAL STANDARD BOOK NUMBER
ISBN 9780744800791
082 ## - DEWEY DECIMAL CLASSIFICATION NUMBER
Classification number 928.21 FRE
100 ## - MAIN ENTRY--AUTHOR NAME
Personal name French, Peter J
245 ## - TITLE STATEMENT
Title John Dee: the world of an Elizabethan magus
Statement of responsibility, etc Peter J French
260 ## - PUBLICATION, DISTRIBUTION, ETC. (IMPRINT)
Place of publication New York
Name of publisher London
Year of publication 2002
300 ## - PHYSICAL DESCRIPTION
Number of Pages x,243 p.:ill
991 ## -
-- 137207

No items available.

Find us on the map